| 000 | 00352nam a22001217a 4500 | ||
|---|---|---|---|
| 999 |
_c3219 _d3219 |
||
| 005 | 20201119112253.0 | ||
| 008 | 201119b ||||| |||| 00| 0 eng d | ||
| 020 | _a2436 | ||
| 040 | _cCML | ||
| 245 |
_aThe World's Great REligions. _cEditorial Staff of Lif. |
||
| 260 |
_aLondon _bCollins _c1957 |
||
| 942 |
_2ddc _cBK _e1st Edition _h299 _mWOR |
||